00298nam a2200121Ia 4500008004100000082001500041100001500056245005200071250000800123260002900131300000800160650000800168191201s2008 xx 000 0 und d a658.3bKAC aKAUSHAL, H 0aCase Study Solutions Human Resource Development a1st aN.DelhibMacmillanc2008 a271 aMBA